Statistiques concernant Éléments avec un symbole d'une lettre

Cliquez ici pour prendre le quiz!

Statistiques générales

  • Ce quiz a été pris 13 704 fois
  • Le résultat moyen est 9 sur 14

Statistiques - réponses

SymboleÉlément% Correct
CCarbone
92%
HHydrogène
92%
OOxygène
91%
NAzote
83%
FFluor
77%
KPotassium
76%
UUranium
76%
SSoufre
73%
BBore
68%
IIode
65%
PPhosphore
59%
WTungstène
31%
VVanadium
27%
YYttrium
23%

Distribution des résultats

Percentile par nombre de réponses

% des personnes avec chaque résultat

Votre développement - résultats

Vous n’avez pas pris ce quiz